000 00831cab a2200241 4500
001 ABS44381
008 090401t1991 xxu||||| |||| 00| 0 eng d
035 _a(Sirsi) u46840
041 _aeng
100 _aCutting, S.
245 _aRepair and refurbishment for Portland prefabs
260 _c1991
350 _a0
490 _aConstruction Maintenance & Repair
_v5(2) March/April 1991, 33 (1)
520 _aReports on the refurbishment of Reema prefabricated houses in Portland, Dorset , using Flexcrete , a concrete repair system of exceptional durability as the homes are near the sea and a helicopter base.
650 _aLIQUID PLASTICS
650 _aPRC HOUSES
650 _aREPAIRS
690 _aBUILDING AND CONSTRUCTION-REPAIRS AND MAINTENANCE
700 _aArundel, J.
942 _n0
948 _c04/03/1997
999 _c29574
_d29574